000 01047nmc a2200337 a 4500
003 AR-BaBNM
005 20251128205521.0
008 011101s1996 ||||||||||||||000 | spa||
020 _a987-9116-15-1
040 _cAR-BaBNM
100 1 _aCullen, Carlos A.
_d1943-
245 1 0 _aAutonomía moral, participación democrática y cuidado del otro
_bbases para un currículum de formación ética y ciudadana
250 _a1ª ed.
260 _aBuenos Aires
_bEdiciones Novedades Educativas
_c1996
300 0 _a146 p.
490 0 _aReflexión y debate
504 _aContiene bibliografía
504 _aAnexo: Bibliografía en español con orientacion para el trabajo escolar
650 4 _aFINALIDADES DE LA EDUCACION
650 4 _aPARTICIPACION POLITICA
650 4 _aDEMOCRACIA
650 4 _aETICA
650 4 _aMORAL
650 4 _aCIUDADANIA
650 4 _aCURRICULO
650 4 _aFILOSOFIA DE LA EDUCACION
653 0 _aTEMAS TRANSVERSALES
653 0 _aFORMACION ETICA Y CIUDADANA
653 0 _aAUTONOMIA
942 _cBK
999 _c11716
_d11716